Logistics Management and Strategy: Competing through the Supply Chain (Record no. 6345)
[ view plain ]
| 005 - DATE AND TIME OF LATEST TRANSACTION | |
|---|---|
| control field | 20250629125812.0 |
| 020 ## - INTERNATIONAL STANDARD BOOK NUMBER | |
| International Standard Book Number | 978-0-273-71276-3 |
| 082 ## - DEWEY DECIMAL CLASSIFICATION NUMBER | |
| Classification number | 658.15 HAR |
| 100 ## - MAIN ENTRY--PERSONAL NAME | |
| Author name | HARRISON, A. |
| 245 ## - TITLE STATEMENT | |
| Title | Logistics Management and Strategy: Competing through the Supply Chain |
| 250 ## - EDITION STATEMENT | |
| Edition statement | 3rd Ed. |
| 260 ## - PUBLICATION, DISTRIBUTION, ETC. | |
| Place of publication, distribution, etc. | EdinBurgh Gate, |
| Name of publisher, distributor, etc. | Pearson Education Limited, |
| Date of publication, distribution, etc. | 2008. |
| 300 ## - PHYSICAL DESCRIPTION | |
| Extent | xxv,316p.:ill.;figures, tables |
| Other physical details | Bibliography and Index |
| Dimensions | 25cm |
| 700 ## - ADDED ENTRY--PERSONAL NAME | |
| Other authors/Editors | Hoek,Remk Van |
| 942 ## - ADDED ENTRY ELEMENTS (KOHA) | |
| Source of classification or shelving scheme | Dewey Decimal Classification |
| Koha item type | Books |
| Date last seen | Total checkouts | Full call number | Barcode | Cost, replacement price | Price effective from | Koha item type | Lost status | Source of classification or shelving scheme | Damaged status | Not for loan | Withdrawn status | Home library | Current library | Shelving location | Date acquired | Source of acquisition | Cost, normal purchase price |
|---|---|---|---|---|---|---|---|---|---|---|---|---|---|---|---|---|---|
| 06/29/2025 | 658.15 HAR | MZA0002841 | 420000.00 | 06/29/2025 | Books | Dewey Decimal Classification | CBE Mwanza | CBE Mwanza | Special Reserve Collection | 06/18/2014 | Library Budget | 140000.00 |
